[Event "III Festival A"]
[Site "Cesenatico ITA"]
[Date "1998.09.02"]
[Round "4"]
[White "Mastroddi, Fabio"]
[Black "Pozzi, Enrico"]
[Result "0-1"]
[WhiteElo "1915"]
[BlackElo "2245"]
[PlyCount "62"]
[EventDate "1998.08.30"]

1.d4 d6 2.e4 Nf6 3.Nc3 c6 4.Bg5 Nbd7 5.f4 Qb6 6.Qd2 h6 7.Bh4 e5 8.O-O-O 
exd4 9.Na4 Qc7 10.Qxd4 Be7 11.Nf3 b5 12.Nc3 O-O 13.g4 Qa5 14.g5 hxg5 15.
Bxg5 b4 16.Nb1 d5 17.e5 Bc5 18.Qd3 Ne4 19.Bh4 Qxa2 20.Nd4 Nb6 21.Qb3 Qxb3 
22.cxb3 Bd7 23.Rg1 Rfe8 24.Bg2 Bxd4 25.Rxd4 Nc5 26.Nd2 Ne6 27.Rxb4 c5 28.
Rxb6 axb6 29.Bxd5 Ra1+ 30.Nb1 Nxf4 31.Bc4 Bf5 0-1

[Event "III Festival A"]
[Site "Cesenatico ITA"]
[Date "1998.09.02"]
[Round "4"]
[White "Ortega, Lexy"]
[Black "Drazic, Sinisa"]
[Result "1/2-1/2"]
[WhiteElo "2490"]
[BlackElo "2495"]
[PlyCount "119"]
[EventDate "1998.08.30"]

1.d4 e6 2.Nf3 f5 3.d5 Bb4+ 4.c3 Bd6 5.dxe6 dxe6 6.e4 fxe4 7.Ng5 Nf6 8.Nxe4
Nxe4 9.Qa4+ Nc6 10.Qxe4 Qf6 11.Be3 Bd7 12.Nd2 Qf5 13.O-O-O O-O-O 14.Be2 h6
15.h4 Rhf8 16.g3 Kb8 17.Rhe1 Ne5 18.Qd4 b6 19.Ne4 Bc6 20.Nxd6 Rxd6 21.Qf4 
Rxd1+ 22.Rxd1 Qxf4 23.Bxf4 Ng6 24.Be3 Ne7 25.c4 Nf5 26.Bf4 Nxh4 27.Rd6 Bf3
28.Bxf3 Nxf3 29.Rxe6 g5 30.Be3 h5 31.Rh6 h4 32.gxh4 gxh4 33.Kc2 Kb7 34.b3 
a5 35.c5 bxc5 36.Kd3 Ne5+ 37.Kc3 Nf3 38.Kd3 Ne5+ 39.Kc3 Nf3 40.Bxc5 Rd8 
41.Be7 Rd4 42.Rf6 Rd7 43.Rxf3 Rxe7 44.Rh3 Re2 45.Rxh4 Rxf2 46.a4 Kb6 47.
Rh5 c6 48.Rg5 Rf3+ 49.Kc4 Rf4+ 50.Kc3 Re4 51.Rh5 Re1 52.Rg5 Rc1+ 53.Kd3 
Rd1+ 54.Kc3 Rd5 55.Rxd5 cxd5 56.b4 axb4+ 57.Kxb4 Kc6 58.a5 Kb7 59.Kc5 Ka8 
60.a6 1/2-1/2

[Event "III Festival A"]
[Site "Cesenatico ITA"]
[Date "1998.09.02"]
[Round "4"]
[White "Trumpf, Walter"]
[Black "Delanoy, Arnaud"]
[Result "1/2-1/2"]
[WhiteElo "2150"]
[BlackElo "2105"]
[PlyCount "100"]
[EventDate "1998.08.30"]

1.d4 d5 2.e4 dxe4 3.Nc3 e5 4.Nxe4 exd4 5.Bd3 Nf6 6.Ne2 Nc6 7.O-O Be7 8.
N2g3 O-O 9.Re1 Be6 10.Ng5 Bg4 11.f3 Bd7 12.c3 dxc3 13.bxc3 h6 14.N5e4 Ne5 
15.Bc2 Nxe4 16.Rxe4 Ng6 17.Be3 Bf6 18.Qe1 Re8 19.Rd1 Qc8 20.Nh5 Bg5 21.
Bxg5 hxg5 22.Qd2 Rxe4 23.Bxe4 Bf5 24.Bd5 Nf4 25.Nxf4 gxf4 26.Qxf4 Be6 27.
Be4 a5 28.a3 Ra6 29.Qh4 Rd6 30.Rb1 f5 31.Bxb7 Qd7 32.Qe1 Ba2 33.Rc1 Rb6 
34.Qe2 Bf7 35.Rd1 Rd6 36.Rxd6 Qxd6 37.h4 Qb6+ 38.Kh2 Qxb7 39.Qe5 Qc6 40.
Qxa5 Qd6+ 41.Kh3 Bd5 42.Qa7 Kh7 43.Qd4 Bc6 44.Qxd6 cxd6 45.Kg3 Kg6 46.Kf4 
Kf6 47.g4 g6 48.gxf5 gxf5 49.h5 Be8 50.h6 Bc6 1/2-1/2

[Event "III Festival A"]
[Site "Cesenatico ITA"]
[Date "1998.09.02"]
[Round "4"]
[White "Yeuillaz, Corrado"]
[Black "Lava, Giovanni"]
[Result "1-0"]
[WhiteElo "2235"]
[BlackElo "2220"]
[PlyCount "83"]
[EventDate "1998.08.30"]

1.e4 c5 2.Nf3 e6 3.d3 Nc6 4.g3 g6 5.Bg2 Bg7 6.O-O Nge7 7.Re1 d6 8.c3 O-O 
9.Nbd2 Qc7 10.Nf1 b6 11.Nh4 Bb7 12.f4 f5 13.Ne3 Rae8 14.Bd2 Qd7 15.Qa4 a6 
16.Qb3 b5 17.a4 b4 18.a5 bxc3 19.bxc3 Rb8 20.Nc4 Nc8 21.Nf3 Ba8 22.Nb6 
Nxb6 23.axb6 fxe4 24.Ng5 d5 25.Bh3 Nd8 26.dxe4 c4 27.Qc2 Rxb6 28.Be3 Rb3 
29.Rxa6 Rxc3 30.Qf2 Rxe3 31.Qxe3 d4 32.Qc1 Bc6 33.Qxc4 Qb7 34.Rxc6 Qxc6 
35.Bxe6+ Kh8 36.Nf7+ Rxf7 37.Qxc6 Nxc6 38.Bxf7 d3 39.Rd1 Nb4 40.e5 Bf8 41.
Bc4 Bc5+ 42.Kh1 1-0

[Event "III Festival A"]
[Site "Cesenatico ITA"]
[Date "1998.09.02"]
[Round "5"]
[White "Delanoy, Arnaud"]
[Black "Collutiis, Duilio"]
[Result "1-0"]
[WhiteElo "2105"]
[BlackElo "2185"]
[PlyCount "43"]
[EventDate "1998.08.30"]

1.e4 c5 2.Nf3 Nc6 3.Nc3 d6 4.d4 cxd4 5.Nxd4 Nf6 6.Bc4 Qb6 7.Nxc6 bxc6 8.
O-O e5 9.Qd3 Be7 10.Kh1 O-O 11.Bg5 Qxb2 12.Rab1 Qxc3 13.Qxc3 Nxe4 14.Bxf7+
Kxf7 15.Qxc6 Bf5 16.Rb7 Nxg5 17.f4 Ne4 18.Qd5+ Ke8 19.fxe5 g6 20.Qc6+ Kf7 
21.Qxe4 Ke6 22.Qc4+ 1-0

[Event "III Festival A"]
[Site "Cesenatico ITA"]
[Date "1998.09.02"]
[Round "5"]
[White "Drazic, Sinisa"]
[Black "Mastroddi, Fabio"]
[Result "1-0"]
[WhiteElo "2495"]
[BlackElo "1915"]
[PlyCount "49"]
[EventDate "1998.08.30"]

1.d4 Nf6 2.Nf3 c5 3.e3 d5 4.c4 Nc6 5.Nc3 e6 6.a3 b6 7.Bd3 Bd6 8.dxc5 dxc4 
9.Bxc4 Bxc5 10.Qe2 O-O 11.O-O a5 12.Rd1 Qe7 13.Na4 e5 14.Nxc5 bxc5 15.h3 
e4 16.Nd2 Ne5 17.b3 g5 18.Bb2 g4 19.h4 g3 20.Rf1 Nxc4 21.Qxc4 Ng4 22.fxg3 
Bb7 23.Rf5 h6 24.Raf1 Rad8 25.R1f4 1-0

[Event "III Festival A"]
[Site "Cesenatico ITA"]
[Date "1998.09.02"]
[Round "5"]
[White "Gagliardi, Pietro"]
[Black "Ortega, Lexy"]
[Result "0-1"]
[WhiteElo "2205"]
[BlackElo "2490"]
[PlyCount "60"]
[EventDate "1998.08.30"]

1.e4 c5 2.Nf3 d6 3.d4 cxd4 4.Nxd4 Nf6 5.Nc3 a6 6.Be2 e6 7.O-O Be7 8.a4 Nc6
9.Be3 O-O 10.Kh1 Qc7 11.f4 Bd7 12.Nb3 b6 13.Bf3 Bc8 14.Rf2 Rb8 15.Rd2 Na5 
16.Nxa5 bxa5 17.Rb1 Rb4 18.Rd4 Bb7 19.Qd3 Rc8 20.Bd2 Nd7 21.b3 Bf6 22.Rc4 
Nc5 23.Qe2 Qb8 24.Rxb4 axb4 25.Nd1 a5 26.c4 bxc3 27.Bxc3 Ba6 28.Qe3 Bxc3 
29.Nxc3 Bd3 30.Rb2 Qb4 0-1

[Event "III Festival A"]
[Site "Cesenatico ITA"]
[Date "1998.09.02"]
[Round "5"]
[White "Gaiba, Paolo"]
[Black "Bonacci, Mauro"]
[Result "1-0"]
[WhiteElo "2090"]
[BlackElo "2215"]
[PlyCount "91"]
[EventDate "1998.08.30"]

1.e4 c5 2.d4 e6 3.Nf3 cxd4 4.c3 Nf6 5.e5 Ne4 6.cxd4 Nc6 7.Bd3 Bb4+ 8.Bd2 
Nxd2 9.Nbxd2 Qb6 10.O-O Nxd4 11.Nc4 Nxf3+ 12.Qxf3 Qd8 13.Ne3 Qg5 14.Rac1 
Qxe5 15.g3 Be7 16.Ng4 Qa5 17.Rfe1 d6 18.h4 a6 19.h5 Qg5 20.h6 gxh6 21.Rc7 
h5 22.Ne3 O-O 23.Rxe7 Qxe7 24.Qxh5 f5 25.Nxf5 Qf6 26.Nh6+ Kh8 27.Ng4 Qf7 
28.Qh2 e5 29.Nf6 Rd8 30.Nxh7 Kg8 31.Qh6 Qg7 32.Bc4+ Kh8 33.Qh4 Qg4 34.
Qxd8+ Kxh7 35.Qe7+ Qg7 36.Bd3+ Kg8 37.Bc4+ Kh7 38.Qh4+ Kg6 39.Bd3+ Kf7 40.
Rc1 Ke8 41.Qh5+ Kf8 42.Qf3+ Qf7 43.Qe3 Bd7 44.Rc7 Rc8 45.Qh6+ Ke7 46.Qh4+ 
1-0

[Event "III Festival A"]
[Site "Cesenatico ITA"]
[Date "1998.09.02"]
[Round "5"]
[White "Gori, Andrea"]
[Black "Giovanardi, Rino"]
[Result "0-1"]
[WhiteElo "2205"]
[BlackElo "2010"]
[PlyCount "133"]
[EventDate "1998.08.30"]

1.e4 e5 2.Nf3 Nc6 3.Bb5 a6 4.Ba4 Nf6 5.d3 d6 6.Bxc6+ bxc6 7.Nbd2 Be7 8.Nc4
O-O 9.O-O Bg4 10.h3 Bd7 11.Ne3 Qc8 12.g4 g6 13.b3 h5 14.g5 Nh7 15.h4 f5 
16.Nh2 f4 17.Nc4 Bh3 18.f3 Bxf1 19.Qxf1 Qe6 20.Bb2 c5 21.Re1 c6 22.Kg2 Bd8
23.Qf2 Rf7 24.Nf1 Nf8 25.c3 Nd7 26.d4 Bc7 27.dxe5 d5 28.Nd6 Bxd6 29.exd6 
Qxd6 30.Nd2 Re8 31.Qf1 a5 32.a4 Rfe7 33.Rd1 Ne5 34.Ba3 Nd7 35.Qd3 Qe6 36.
Qc2 Rf7 37.Qd3 Ne5 38.Qe2 Ng4 39.Bxc5 Ne5 40.Bd4 Nxf3 41.Qxf3 dxe4 42.Nxe4
Qxe4 43.Qxe4 Rxe4 44.Kf3 Rfe7 45.Bc5 Re1 46.Rd3 Rf1+ 47.Kg2 Ree1 48.Rd6 
Kf7 49.Rf6+ Ke8 50.Rxc6 f3+ 51.Kg3 Re4 52.Bf2 Re2 53.Bd4 Rg2+ 54.Kf4 Rg4+ 
55.Ke3 Rxh4 56.Rxg6 Rh2 57.Rf6 f2 58.Kf3 h4 59.g6 Rc1 60.Bxf2 Rxc3+ 61.Kg4
Rxb3 62.Kh5 Rb7 63.Bc5 h3 64.Rf8+ Kd7 65.g7 Rg2 66.Bd4 h2 67.Rf1 0-1

[Event "III Festival A"]
[Site "Cesenatico ITA"]
[Date "1998.09.02"]
[Round "5"]
[White "Kluss, Kai"]
[Black "Lava, Giovanni"]
[Result "1/2-1/2"]
[WhiteElo "2170"]
[BlackElo "2220"]
[PlyCount "127"]
[EventDate "1998.08.30"]

1.d4 Nf6 2.c4 g6 3.Nc3 d5 4.Nf3 Bg7 5.cxd5 Nxd5 6.e4 Nxc3 7.bxc3 c5 8.Be3 
Qa5 9.Qd2 Nc6 10.Rc1 cxd4 11.cxd4 Qxd2+ 12.Kxd2 O-O 13.Bb5 f5 14.exf5 Bxf5
15.Bxc6 bxc6 16.Rxc6 Rfb8 17.Kc3 Rb6 18.Rxb6 axb6 19.Kb2 Be6 20.a3 Bd5 21.
Rd1 Ra5 22.Rd3 Rb5+ 23.Kc1 Be4 24.Rc3 Rb1+ 25.Kd2 Rb2+ 26.Kc1 Rb1+ 27.Kd2 
Rb2+ 28.Kd1 Rb1+ 29.Rc1 Bxf3+ 30.gxf3 Rb3 31.Kc2 Rxa3 32.Rb1 Ra5 33.Kd3 
Rh5 34.Bf4 Rf5 35.Be3 Rxf3 36.Ke4 Rh3 37.Rxb6 Rxh2 38.Rb7 Bf6 39.d5 Rh4+ 
40.f4 Rh1 41.Bc5 Rc1 42.Be3 Rd1 43.Rb3 Kf7 44.Rd3 Rxd3 45.Kxd3 Bb2 46.Ke4 
Kf6 47.Bd2 h6 48.Be3 Bc3 49.Bc5 Be1 50.d6 exd6 51.Bxd6 h5 52.Bc7 h4 53.
Bd8+ Ke6 54.Bc7 Bg3 55.Kf3 Kf5 56.Bd6 Be1 57.Bc5 Bg3 58.Be3 Be1 59.Bg1 Bd2
60.Bf2 h3 61.Bg3 Bb4 62.Bh2 Bd6 63.Bg3 Bc7 64.Bh2 1/2-1/2

[Event "III Festival A"]
[Site "Cesenatico ITA"]
[Date "1998.09.02"]
[Round "5"]
[White "Lagrotteria, Salvatore"]
[Black "Yeuillaz, Corrado"]
[Result "0-1"]
[WhiteElo "2180"]
[BlackElo "2235"]
[PlyCount "78"]
[EventDate "1998.08.30"]

1.Nf3 Nf6 2.d4 g6 3.c4 Bg7 4.Nc3 O-O 5.e4 d6 6.Be2 e5 7.O-O Nc6 8.d5 Ne7 
9.b4 Nd7 10.Nd2 f5 11.f3 Nf6 12.Nb3 f4 13.c5 g5 14.Bd2 Ng6 15.Rc1 h5 16.h3
Rf7 17.Be1 Bf8 18.Rf2 Ne8 19.Bf1 g4 20.Rfc2 gxh3 21.gxh3 Be7 22.cxd6 cxd6 
23.Nb5 Bh4 24.Kh1 a6 25.Na3 Rg7 26.Rg2 Bxh3 27.Rxg6 Bxf1 28.Rxg7+ Kxg7 29.
Rc2 Bxe1 30.Qxe1 Bh3 31.Rh2 Bd7 32.Rxh5 Nf6 33.Rg5+ Kf7 34.Nc5 dxc5 35.Nc4
Qh8+ 36.Kg1 Rg8 37.Nxe5+ Ke8 38.Rxg8+ Qxg8+ 39.Kf1 Bb5+ 0-1

[Event "III Festival A"]
[Site "Cesenatico ITA"]
[Date "1998.09.02"]
[Round "5"]
[White "Maio, Matteo"]
[Black "Trumpf, Walter"]
[Result "1-0"]
[WhiteElo "1882"]
[BlackElo "2150"]
[PlyCount "56"]
[EventDate "1998.08.30"]

1.d4 d5 2.Nf3 Nf6 3.e3 g6 4.c4 c6 5.Nbd2 Bg7 6.b4 O-O 7.c5 Nbd7 8.Bb2 Re8 
9.Be2 e5 10.Nxe5 Nxe5 11.dxe5 Nd7 12.f4 b6 13.Nb3 bxc5 14.bxc5 Nxc5 15.
Nxc5 Qa5+ 16.Qd2 Qxc5 17.Bd4 Qe7 18.Qc3 Bd7 19.O-O Qe6 20.Bd3 Rec8 21.f5 
Qe8 22.e6 Bxd4 23.Qxd4 fxe6 24.fxg6 hxg6 25.Qe5 Qe7 26.Rf6 Be8 27.Bxg6 Qg7
28.Qxe6+ Kh8 1-0

[Event "III Festival A"]
[Site "Cesenatico ITA"]
[Date "1998.09.02"]
[Round "5"]
[White "Naumkin, Igor"]
[Black "Lazzarato, Alberto"]
[Result "1-0"]
[WhiteElo "2475"]
[BlackElo "2048"]
[PlyCount "65"]
[EventDate "1998.08.30"]

1.d4 Nf6 2.Nf3 g6 3.c4 Bg7 4.Nc3 O-O 5.e4 d6 6.Be2 e5 7.d5 Ne8 8.h4 f5 9.
h5 gxh5 10.Rxh5 f4 11.Bd2 Bf6 12.Qc2 Rf7 13.O-O-O Nd7 14.Rdh1 Nf8 15.R5h2 
Rg7 16.Kb1 c5 17.Be1 a6 18.g3 Ng6 19.Bd2 Bd7 20.gxf4 exf4 21.e5 dxe5 22.
Bd3 Nd6 23.Ne4 Nxe4 24.Bxe4 Be8 25.Bc3 Qd6 26.Bf5 Nf8 27.Nd2 Bg6 28.Bxg6 
Nxg6 29.Ne4 Qf8 30.Rh5 b5 31.Qd3 b4 32.Qh3 Re8 33.Rf5 1-0

[Event "III Festival A"]
[Site "Cesenatico ITA"]
[Date "1998.09.02"]
[Round "5"]
[White "Pozzi, Enrico"]
[Black "Rotstein, Arkadij"]
[Result "0-1"]
[WhiteElo "2245"]
[BlackElo "2515"]
[PlyCount "66"]
[EventDate "1998.08.30"]

1.e4 c5 2.Nf3 e6 3.d4 cxd4 4.Nxd4 a6 5.Bd3 Bc5 6.Nb3 Be7 7.O-O d6 8.c4 Nf6
9.Nc3 O-O 10.Be3 Nbd7 11.Rc1 b6 12.Nd4 Bb7 13.f3 Re8 14.Qe1 Rc8 15.Be2 d5 
16.cxd5 exd5 17.Nf5 Bc5 18.Bxc5 Nxc5 19.b4 Ne6 20.e5 Nf4 21.Nd6 Rxe5 22.
Nxc8 Bxc8 23.Qd2 N6h5 24.Rf2 Be6 25.Ne4 Qe7 26.Ng3 Qg5 27.Nxh5 Nh3+ 28.Kf1
Qxd2 29.Rd1 Qe3 30.gxh3 Rxh5 31.Rd3 Qf4 32.Bd1 Bxh3+ 33.Ke2 Re5+ 0-1

[Event "III Festival A"]
[Site "Cesenatico ITA"]
[Date "1998.09.03"]
[Round "6"]
[White "Bonacci, Mauro"]
[Black "Giovanardi, Rino"]
[Result "1-0"]
[WhiteElo "2215"]
[BlackElo "2010"]
[PlyCount "73"]
[EventDate "1998.08.30"]

1.e4 e5 2.Nf3 Nc6 3.Bb5 a6 4.Ba4 Nf6 5.O-O Nxe4 6.d4 b5 7.Bb3 d5 8.dxe5 
Be6 9.Nbd2 Bc5 10.Qe2 Nxd2 11.Bxd2 O-O 12.c3 Bg4 13.Bf4 Re8 14.Qd3 Ne7 15.
Nd4 Bb6 16.Bg5 Qd7 17.Bc2 Ng6 18.h3 Be6 19.b4 Qc8 20.Rae1 Nf8 21.f4 c5 22.
bxc5 Qxc5 23.f5 Bd7 24.e6 fxe6 25.fxe6 Rxe6 26.Rxf8+ Kxf8 27.Qf5+ Rf6 28.
Qxd7 Rf7 29.Qe6 Qxc3 30.Bxh7 Bxd4+ 31.Kh1 Qc5 32.Bg6 Qa7 33.Qxd5 Rf6 34.
Bxf6 Bxf6 35.Qd6+ Kg8 36.Qd5+ Kf8 37.Qh5 1-0

[Event "III Festival A"]
[Site "Cesenatico ITA"]
[Date "1998.09.03"]
[Round "6"]
[White "Cadelli, Luciano"]
[Black "Vicari, Luigi"]
[Result "1-0"]
[WhiteElo "2125"]
[BlackElo "2090"]
[PlyCount "97"]
[EventDate "1998.08.30"]

1.d4 Nf6 2.c4 g6 3.Nc3 Bg7 4.e4 d6 5.f3 O-O 6.Bd3 Nc6 7.Nge2 e5 8.d5 Ne7 
9.Bg5 Bd7 10.Qd2 a6 11.g4 Ne8 12.Ng3 f6 13.Bh6 Kh8 14.O-O-O b5 15.Rdg1 c6 
16.Kb1 Qb6 17.Be3 c5 18.h4 Kg8 19.Bh6 Bxh6 20.Qxh6 Rb8 21.Qc1 Nc7 22.Nd1 
bxc4 23.Bxc4 Nb5 24.Bxb5 axb5 25.Qe3 Qa5 26.Ne2 Ra8 27.Nc1 b4 28.g5 f5 29.
h5 c4 30.Rg2 Be8 31.Rc2 Qa6 32.Qe2 gxh5 33.Qxc4 fxe4 34.fxe4 Bg6 35.Qxb4 
Rfb8 36.Qe1 Nxd5 37.exd5 Bxc2+ 38.Kxc2 Rc8+ 39.Nc3 Rf8 40.Qe2 Qb6 41.Rh2 
h4 42.Ne4 Rf4 43.Kb1 Qg1 44.Nf6+ Kf7 45.Qh5+ Kf8 46.Qh6+ Kf7 47.Qxh7+ Kf8 
48.Qg8+ Ke7 49.Qg7+ 1-0

[Event "III Festival A"]
[Site "Cesenatico ITA"]
[Date "1998.09.03"]
[Round "6"]
[White "Collutiis, Duilio"]
[Black "Cesarini, Lanfranco"]
[Result "1-0"]
[WhiteElo "2185"]
[BlackElo "1903"]
[PlyCount "117"]
[EventDate "1998.08.30"]

1.e4 e6 2.d4 d5 3.e5 c5 4.Qg4 Nc6 5.Nf3 c4 6.h4 h5 7.Qf4 Nh6 8.Be2 Nf5 9.
c3 Bd7 10.Nbd2 Nce7 11.Nf1 Ng6 12.Qh2 Be7 13.Ne3 Nxe3 14.Bxe3 Qb6 15.Bc1 
a5 16.Qg3 Bf8 17.Ng5 Be7 18.Bd1 Bxg5 19.Qxg5 Qd8 20.Qg3 Qe7 21.Bc2 b5 22.
Bg5 Qf8 23.O-O Ne7 24.Bxe7 Kxe7 25.f4 g6 26.b3 Rg8 27.Rab1 Bc6 28.a4 cxb3 
29.Rxb3 b4 30.cxb4 Bxa4 31.Rc3 Bxc2 32.Rxc2 Qd8 33.bxa5 Kf8 34.Qg5 Qxg5 
35.fxg5 Rxa5 36.Rc7 Rg7 37.Rc8+ Ke7 38.Rfc1 Ra7 39.R1c7+ Rxc7 40.Rxc7+ Kf8
41.Rc8+ Ke7 42.Kf2 Kd7 43.Rh8 Kc7 44.Kf3 Kb6 45.g4 hxg4+ 46.Kxg4 Kb5 47.
Rc8 Rh7 48.Rc7 Kb6 49.Rc1 Kb5 50.Rc2 Kb4 51.Rc7 Kb5 52.h5 gxh5+ 53.Kh4 Rh8
54.Rxf7 Kc4 55.Rf4 Kd3 56.g6 Ke3 57.Kg5 Rg8 58.Rh4 Rf8 59.g7 1-0

[Event "III Festival A"]
[Site "Cesenatico ITA"]
[Date "1998.09.03"]
[Round "6"]
[White "Drei, Andrea"]
[Black "Lagrotteria, Salvatore"]
[Result "1-0"]
[WhiteElo "2340"]
[BlackElo "2180"]
[PlyCount "167"]
[EventDate "1998.08.30"]

1.e4 c5 2.Nf3 Nc6 3.d4 cxd4 4.Nxd4 Nf6 5.Nc3 d6 6.Bg5 e6 7.Qd2 a6 8.O-O-O 
h6 9.Be3 Be7 10.f4 Nxd4 11.Bxd4 b5 12.Bd3 b4 13.Ne2 a5 14.Kb1 O-O 15.Rhg1 
Bb7 16.Qe3 Qc7 17.g4 e5 18.Bb6 Qc6 19.g5 hxg5 20.fxe5 dxe5 21.Qxg5 g6 22.
Ng3 Qxb6 23.Nf5 Nd5 24.Nxe7+ Nxe7 25.Qxe7 Rfe8 26.Qg5 Ba6 27.Bxa6 Rxa6 28.
Rgf1 Qc7 29.Rf2 Rd6 30.Rxd6 Qxd6 31.Rd2 Qa6 32.Qg2 a4 33.h4 a3 34.h5 Kg7 
35.hxg6 Qxg6 36.Qxg6+ Kxg6 37.bxa3 bxa3 38.Rd3 Ra8 39.c4 f5 40.Rd5 Kf6 41.
exf5 Kxf5 42.Kc2 Kf4 43.Rd7 e4 44.c5 Ra5 45.Rd5 Rb5 46.Kc3 e3 47.Kc4 Rb2 
48.Rd4+ Kf3 49.Rd3 Kf2 50.Rd8 Rc2+ 51.Kb3 Rxc5 52.Rf8+ Kg3 53.Re8 Kf3 54.
Kxa3 e2 55.Kb4 Rc8 56.Re7 Rb8+ 57.Kc4 Rf8 58.a4 Kf2 59.a5 e1=Q 60.Rxe1 
Kxe1 61.a6 Kd2 62.Kb5 Kd3 63.a7 Kd4 64.Kc6 Kc4 65.Kb7 Kb5 66.a8=Q Rf7+ 67.
Kb8 Kb6 68.Qa3 Rd7 69.Qb4+ Kc6 70.Qc4+ Kd6 71.Kc8 Re7 72.Qd4+ Ke6 73.Kd8 
Rf7 74.Qe4+ Kf6 75.Ke8 Rg7 76.Qf4+ Kg6 77.Kf8 Rh7 78.Qg4+ Kf6 79.Qf4+ Kg6 
80.Qe4+ Kh6 81.Qg4 Rb7 82.Qe6+ Kh7 83.Qe4+ Kh8 84.Qh1+ 1-0

[Event "III Festival A"]
[Site "Cesenatico ITA"]
[Date "1998.09.03"]
[Round "6"]
[White "Gaiba, Paolo"]
[Black "Kluss, Kai"]
[Result "1-0"]
[WhiteElo "2090"]
[BlackElo "2170"]
[PlyCount "73"]
[EventDate "1998.08.30"]

1.e4 c5 2.d4 cxd4 3.c3 e5 4.Bc4 Nc6 5.Nf3 Nf6 6.Ng5 d5 7.exd5 Nxd5 8.Qb3 
Be6 9.Qxb7 Rc8 10.O-O Qb6 11.Qxb6 axb6 12.Ba6 Rc7 13.Nxe6 fxe6 14.Bb5 Bd6 
15.cxd4 exd4 16.Nd2 O-O 17.Ne4 Be7 18.a3 h6 19.Bd2 Ne5 20.Rfe1 Ng4 21.h3 
Ngf6 22.Ng3 Rc2 23.Bc1 Kf7 24.Bd3 Rc7 25.Ne2 e5 26.Ng3 Nf4 27.Bxf4 exf4 
28.Ne2 g5 29.Nxd4 Rfc8 30.b3 Rc3 31.Bc4+ Kf8 32.Rad1 Bxa3 33.Nb5 Bb4 34.
Re6 Kg7 35.Nxc3 Bxc3 36.Rxb6 Ra8 37.Ra6 1-0

[Event "III Festival A"]
[Site "Cesenatico ITA"]
[Date "1998.09.03"]
[Round "6"]
[White "Lava, Giovanni"]
[Black "Mastroddi, Fabio"]
[Result "1-0"]
[WhiteElo "2220"]
[BlackElo "1915"]
[PlyCount "87"]
[EventDate "1998.08.30"]

1.d4 e5 2.dxe5 Nc6 3.Nf3 Bc5 4.Bg5 Nge7 5.e3 h6 6.Bh4 g5 7.Bg3 d5 8.exd6 
cxd6 9.Nc3 Be6 10.Nd4 Qb6 11.Nxe6 fxe6 12.Na4 Qa5+ 13.c3 O-O-O 14.Qb3 d5 
15.Nxc5 Qxc5 16.Qb5 Qxb5 17.Bxb5 Nf5 18.Ke2 Rhf8 19.f3 h5 20.Rad1 Nce7 21.
Bd3 g4 22.e4 dxe4 23.fxe4 Nxg3+ 24.hxg3 Rf6 25.Bc4 Rxd1 26.Rxd1 Kc7 27.Bb5
Ng6 28.Rh1 h4 29.gxh4 Nf4+ 30.Kf2 a6 31.Bc4 Nd3+ 32.Kg3 Nxb2 33.Be2 Na4 
34.h5 Nc5 35.Kxg4 Nxe4 36.Rf1 Rxf1 37.Bxf1 Kd7 38.Kf4 Nf6 39.Kg5 Ke7 40.
Kg6 Nd5 41.Kg7 Nf6 42.h6 Nh5+ 43.Kg6 Nf4+ 44.Kg5 1-0

[Event "III Festival A"]
[Site "Cesenatico ITA"]
[Date "1998.09.03"]
[Round "6"]
[White "Lazzarato, Alberto"]
[Black "Delanoy, Arnaud"]
[Result "1/2-1/2"]
[WhiteElo "2048"]
[BlackElo "2105"]
[PlyCount "43"]
[EventDate "1998.08.30"]

1.e4 e5 2.Nf3 Nf6 3.d4 Nxe4 4.Bd3 d5 5.Nxe5 Bd6 6.O-O Nd7 7.c4 c6 8.Nc3 
Nxc3 9.bxc3 O-O 10.Re1 Nxe5 11.dxe5 Be7 12.cxd5 Qxd5 13.Qc2 h6 14.Rb1 Rd8 
15.Be4 Qa5 16.Be3 Bc5 17.Bf4 Qc7 18.Qc1 Qe7 19.Bxh6 Bxf2+ 20.Kxf2 Qh4+ 21.
Kg1 Qxh6 22.Qxh6 1/2-1/2

[Event "III Festival A"]
[Site "Cesenatico ITA"]
[Date "1998.09.03"]
[Round "6"]
[White "Maio, Matteo"]
[Black "Gagliardi, Pietro"]
[Result "1/2-1/2"]
[WhiteElo "1882"]
[BlackElo "2205"]
[PlyCount "99"]
[EventDate "1998.08.30"]

1.d4 Nf6 2.Nf3 g6 3.e3 Bg7 4.Nbd2 O-O 5.Be2 b6 6.O-O Bb7 7.c4 d6 8.Qc2 
Nbd7 9.b4 c5 10.bxc5 bxc5 11.Rb1 Qc7 12.d5 Rfb8 13.Bb2 Bc8 14.Bc3 Rxb1 15.
Rxb1 Rb8 16.Rb3 Ne8 17.Bxg7 Nxg7 18.Ng5 Rxb3 19.Nxb3 Nf6 20.e4 Bd7 21.Bd3 
Ba4 22.Qc3 Bxb3 23.axb3 Nd7 24.f4 Qb6 25.Be2 Qb4 26.Qh3 Qe1+ 27.Bf1 Nf8 
28.Qd3 Nd7 29.Nf3 Qa1 30.Qe3 f6 31.g3 Ne8 32.h4 Nc7 33.h5 Kg7 34.g4 Na6 
35.hxg6 hxg6 36.g5 Nb4 37.Qf2 Qd1 38.Kg2 Nd3 39.Qh4 Nf8 40.gxf6+ exf6 41.
e5 dxe5 42.fxe5 Nxe5 43.Nxe5 fxe5 44.Qe7+ Kg8 45.Qxe5 Qg4+ 46.Kf2 Nd7 47.
Qe8+ Kg7 48.Qe7+ Kg8 49.Qe8+ Kg7 50.Qe7+ 1/2-1/2

[Event "III Festival A"]
[Site "Cesenatico ITA"]
[Date "1998.09.03"]
[Round "6"]
[White "Rotstein, Arkadij"]
[Black "Drazic, Sinisa"]
[Result "1-0"]
[WhiteElo "2515"]
[BlackElo "2495"]
[PlyCount "85"]
[EventDate "1998.08.30"]

1.Nf3 c5 2.c4 Nf6 3.d4 cxd4 4.Nxd4 b6 5.Nc3 Bb7 6.f3 d6 7.e4 a6 8.Be2 e6 
9.O-O Nbd7 10.Be3 Be7 11.a4 O-O 12.a5 bxa5 13.Nb3 Rb8 14.Nxa5 Ba8 15.Qd2 
Qc7 16.Rfc1 Ne5 17.Na4 Nc6 18.Nxc6 Bxc6 19.b4 Nd7 20.b5 Bb7 21.b6 Qc6 22.
Qa5 Nc5 23.Nxc5 dxc5 24.e5 f5 25.exf6 gxf6 26.Rd1 Rbd8 27.Rab1 Kh8 28.Bd3 
f5 29.Bc2 Kg7 30.Ba4 Qc8 31.Qe1 Kf7 32.Qg3 Rxd1+ 33.Rxd1 Rd8 34.Re1 h5 35.
Qc7 Rg8 36.Bf4 Qxc7 37.bxc7 Bf6 38.Rb1 Bc6 39.Bd6 Bd4+ 40.Kf1 e5 41.Bxc6 
Rg6 42.Rb8 Ke6 43.Bf8 1-0

[Event "III Festival A"]
[Site "Cesenatico ITA"]
[Date "1998.09.03"]
[Round "6"]
[White "Yeuillaz, Corrado"]
[Black "Pozzi, Enrico"]
[Result "0-1"]
[WhiteElo "2235"]
[BlackElo "2245"]
[PlyCount "50"]
[EventDate "1998.08.30"]

1.e4 e5 2.Nf3 d6 3.d4 Nf6 4.Nc3 Nbd7 5.Be2 Be7 6.O-O O-O 7.Re1 c6 8.a4 a5 
9.h3 Qc7 10.Bg5 h6 11.Bh4 Re8 12.Bf1 Nf8 13.Bg3 Ng6 14.dxe5 dxe5 15.Nd2 
Be6 16.Bc4 Bc5 17.Bxe6 Rxe6 18.Qe2 Rd8 19.Nb3 Bb6 20.Rad1 Rxd1 21.Rxd1 Rd6
22.Rd2 Qd7 23.Nb1 Bc7 24.Rxd6 Qxd6 25.c3 Nxe4 0-1

[Event "III Festival A"]
[Site "Cesenatico ITA"]
[Date "1998.09.04"]
[Round "7"]
[White "Cadelli, Luciano"]
[Black "Collutiis, Duilio"]
[Result "0-1"]
[WhiteElo "2125"]
[BlackElo "2185"]
[PlyCount "58"]
[EventDate "1998.08.30"]

1.d4 Nf6 2.Nf3 e6 3.e3 b6 4.Bd3 Be7 5.O-O d6 6.Nbd2 Nbd7 7.b3 c5 8.Bb2 O-O
9.Qe2 a6 10.a4 Bb7 11.h3 Re8 12.Rad1 Qc7 13.c4 Bf8 14.Ng5 h6 15.f4 cxd4 
16.exd4 e5 17.Nxf7 Kxf7 18.fxe5 dxe5 19.Bh7 Bd6 20.Rde1 exd4 21.Ne4 Rxe4 
22.Bxe4 Bc5 23.Bd3 Qd6 24.Qh5+ Kg8 25.Qg6 Nf8 26.Qf5 Qg3 27.Rf2 Bxg2 28.
Rxg2 Qxe1+ 29.Kh2 Bd6+ 0-1

[Event "III Festival A"]
[Site "Cesenatico ITA"]
[Date "1998.09.04"]
[Round "7"]
[White "Delanoy, Arnaud"]
[Black "Yeuillaz, Corrado"]
[Result "1/2-1/2"]
[WhiteElo "2105"]
[BlackElo "2235"]
[PlyCount "35"]
[EventDate "1998.08.30"]

1.e4 e6 2.d4 d5 3.Nc3 Nf6 4.Bg5 dxe4 5.Nxe4 Be7 6.Bxf6 Bxf6 7.Nf3 Nd7 8.c3
O-O 9.Bc4 Be7 10.O-O c5 11.dxc5 Nxc5 12.Qe2 Qc7 13.Rad1 Nxe4 14.Qxe4 Bf6 
15.Rfe1 Bd7 16.Ne5 Bxe5 17.Qxe5 Qxe5 18.Rxe5 1/2-1/2

[Event "III Festival A"]
[Site "Cesenatico ITA"]
[Date "1998.09.04"]
[Round "7"]
[White "Drazic, Sinisa"]
[Black "Lava, Giovanni"]
[Result "1-0"]
[WhiteElo "2495"]
[BlackElo "2220"]
[PlyCount "101"]
[EventDate "1998.08.30"]

1.d4 Nf6 2.c4 g6 3.f3 d5 4.cxd5 Nxd5 5.e4 Nb6 6.Nc3 Bg7 7.Be3 O-O 8.Qd2 
Nc6 9.O-O-O e5 10.d5 Nd4 11.Nb5 Nxb5 12.Bxb5 Bd7 13.Qd3 c6 14.dxc6 Bxc6 
15.Qxd8 Rfxd8 16.Bxc6 Rxd1+ 17.Kxd1 bxc6 18.Kc2 Nc4 19.Bc1 Nd6 20.Ne2 Nb5 
21.Rd1 Nd4+ 22.Nxd4 exd4 23.Bf4 c5 24.Kd3 Bf8 25.Kc4 Re8 26.Bc7 Rc8 27.Be5
Rc6 28.Rd3 f6 29.Bb8 Rb6 30.Rb3 Rxb3 31.axb3 a6 32.b4 cxb4 33.Ba7 a5 34.b3
Bd6 35.Bb6 Bxh2 36.Bxa5 Kf7 37.Kxd4 Ke6 38.Bxb4 f5 39.exf5+ Kxf5 40.Kd5 
Bf4 41.Bd6 Be3 42.b4 h5 43.b5 h4 44.Bc5 Bf4 45.b6 g5 46.b7 g4 47.fxg4+ 
Kxg4 48.Bd6 Bxd6 49.Kxd6 Kg3 50.b8=Q Kxg2 51.Qb2+ 1-0

[Event "III Festival A"]
[Site "Cesenatico ITA"]
[Date "1998.09.04"]
[Round "7"]
[White "Drei, Andrea"]
[Black "Ortega, Lexy"]
[Result "0-1"]
[WhiteElo "2340"]
[BlackElo "2490"]
[PlyCount "90"]
[EventDate "1998.08.30"]

1.e4 c5 2.Nf3 d6 3.d4 cxd4 4.Nxd4 Nf6 5.Nc3 a6 6.Bg5 e6 7.f4 Nbd7 8.Qf3 
Qc7 9.O-O-O Be7 10.g4 b5 11.Bxf6 Nxf6 12.g5 Nd7 13.f5 Bxg5+ 14.Kb1 Ne5 15.
Qh5 Qd8 16.h4 Bf6 17.fxe6 O-O 18.Bh3 Ng6 19.exf7+ Rxf7 20.Ne6 Qe8 21.Rxd6 
Be7 22.Rdd1 Qc6 23.Ng5 Bxg5 24.Qxg5 Bxh3 25.Rxh3 Re8 26.h5 Nf4 27.Rf3 Ne6 
28.Qg4 Rxf3 29.Qxf3 Ng5 30.Qg2 Nxe4 31.Ka1 b4 32.h6 Qg6 33.Qxg6 hxg6 34.
Nxe4 Rxe4 35.hxg7 Kxg7 36.a3 bxa3 37.bxa3 g5 38.Kb2 g4 39.Rd3 Kf6 40.Kb3 
Ke5 41.c4 Kf4 42.c5 g3 43.Rd2 Kf3 44.Rd3+ Re3 45.Rxe3+ Kxe3 0-1